Personnalités au hasard #13 - Statistiques

Statistiques générales
  • Ce quiz a été pris 400 fois
  • Le résultat moyen est 12 sur 32
Statistiques - réponses
Par images Réponse % Correct
Vladimir Poutine
100%
Johnny Hallyday
94%
Amir
82%
Éric Antoine
76%
Kim Glow
68%
Muriel Robin
67%
Presnel Kimpembe
60%
Polska
57%
Eva Longoria
53%
Hélène Ségara
53%
Gradur
51%
Baïssangour Chamsoudinov
47%
Victoria
46%
Alison Wheeler
45%
Mouloud Achour
42%
Megan Rapinoe
41%
Michou
41%
Bosh
40%
Pierre Arditi
29%
Catherine Barma
17%
Kesha
17%
Renée Zellweger
16%
Anaïs Demoustier
14%
Nathalie Saint-Cricq
14%
Bill Kaulitz
13%
Charline Vanhoenacker
12%
Timbaland
10%
Matt Houston
5%
Ayra Starr
4%
Félix Éboué
3%
Laurence Rossignol
3%
Louis Aragon
2%
Aucun quiz correspondant
Distribution des résultats
% des personnes avec chaque résultat
Percentile par nombre de réponses
Votre historique - résultats
Vous n’avez pas pris ce quiz